000 00311nam a2200133Ia 4500
008 190216s9999||||xx |||||||||||||| ||und||
100 _aBhave.M.L-Joshi.V.G-Mahajan.R.R
245 0 _aLinear Algebra
250 _aFIRST
260 _bS Chand & Co
_c1982
300 _a188
650 _aMathematics
942 _cBK
999 _c30762
_d30762